Three-dimensional structure of wood : an ultrastructural approach

Bibliographic Details
Main Author: BUTTERFIELD (Brian Geoffrey)
Other Authors: Meylan
Format: Book
Published: London ; New York : Chapman and Hall , 1980
Edition:2nd ed.
Subjects:

MARC

LEADER 00000cam a2200000 7i4500
001 0000001924
005 20020516.0
020 0 0 |a 0412163209 
090 0 0 |a 674.12   |b BUT 1980 
100 1 0 |a BUTTERFIELD   |h B. G. [  |q (Brian Geoffrey)] 
245 1 0 |a Three-dimensional structure of wood :   |b an ultrastructural approach   |c B.G. Butterfield and B.A. Meylan 
250 0 0 |a 2nd ed. 
260 0 0 |a London ; New York :   |b Chapman and Hall ,   |c 1980 
300 |a 103 p. :   |b ill ;   |c 31 cm. 
500 0 0 |a Includes bibliography: p. 94-99 and index 
650 0 0 |a Ultrastructure (Biology) 
650 0 0 |a Wood   |x Anatomy 
700 0 1 |a Meylan   |h B. A. 
998 |a JPSM 
999 |a 0000000594   |b Monograph   |c Open Shelf   |e Default branch